[Event "Titled Tuesday intern op 17th Jan Early"]
[Site "Chess.com INT"]
[Date "2023.01.17"]
[Round "1"]
[White "Legenia, Artem"]
[Black "Concio, Michael Jr"]
[Result "0-1"]
[WhiteElo "2092"]
[BlackElo "2364"]
[PlyCount "86"]
[EventDate "2023.01.17"]
[EventType "swiss (blitz)"]
[EventRounds "11"]
[EventCountry "USA"]
[SourceTitle "CBM 212 Extra"]
[Source "ChessBase"]
[SourceDate "2023.03.31"]
[SourceVersion "1"]
[SourceVersionDate "2023.03.31"]
[SourceQuality "1"]

1. f4 d5 2. Nf3 c5 3. e3 Nc6 4. Bb5 Bg4 5. b3 Nf6 6. Bxc6+ bxc6 7. Bb2 e6 8. 0-0 Be7 9. d3 0-0 10. Nbd2 Bh5 11. Qe2 Nd7 12. e4 Nb6 13. a4 a5 14. Qf2 f6 15. Rae1 Qd7 16. Ba3 d4 17. Rc1 Qc7 18. g3 e5 19. f5 Rfb8 20. h3 Bf7 21. g4 g5 22. fxg6 hxg6 23. Kg2 Kg7 24. h4 Rh8 25. Rh1 Qd7 26. Qg3 Qe6 27. h5 g5 28. h6+ Kh7 29. Nf1 Be8 30. Qh3 Bd7 31. N3h2 Nc8 32. Ng3 Bf8 33. Nf5 Ne7 34. Bxc5 Ng6 35. Rhf1 Bxc5 36. Kh1 Nf4 37. Qg3 Qf7 38. Rf2 Bxf5 39. exf5 Kxh6 40. Kg1 Kg7 41. Kf1 Rh3 42. Qg1 Rah8 43. Nf3 Rh1 0-1

[Event "Titled Tuesday intern op 17th Jan Early"]
[Site "Chess.com INT"]
[Date "2023.01.17"]
[Round "4"]
[White "Legenia, Artem"]
[Black "Dvirnyy, Danyyil"]
[Result "0-1"]
[WhiteElo "2092"]
[BlackElo "2548"]
[PlyCount "66"]
[EventDate "2023.01.17"]
[EventType "swiss (blitz)"]
[EventRounds "11"]
[EventCountry "USA"]
[SourceTitle "CBM 212 Extra"]
[Source "ChessBase"]
[SourceDate "2023.03.31"]
[SourceVersion "1"]
[SourceVersionDate "2023.03.31"]
[SourceQuality "1"]

1. f4 d5 2. Nf3 g6 3. e3 Bg7 4. Be2 c5 5. 0-0 Nf6 6. d4 0-0 7. c3 Bf5 8. Bd3 Bxd3 9. Qxd3 Nc6 10. Nbd2 Qc7 11. Ne5 Rab8 12. b3 b5 13. Bb2 c4 14. Qe2 Rfc8 15. b4 a5 16. a3 Ra8 17. Nxc6 Qxc6 18. Nf3 Ne4 19. Nd2 Nd6 20. g4 Ra6 21. Kh1 Rca8 22. h4 axb4 23. axb4 Ra2 24. Nf3 Ne4 25. Kg2 Nxc3 26. Qc2 Ne4 27. Rxa2 Rxa2 28. Ra1 Qa6 29. Qb1 Rxa1 30. Bxa1 Qa3 31. h5 Qxe3 32. hxg6 Qxf3+ 33. Kxf3 Nd2+ 0-1